Vénus et la mer
Na minha lista:
| Autor principal: | |
|---|---|
| Formato: | Livro |
| Idioma: | Undetermined |
| Publicado em: |
París, Francia
Buchet/Chastel
1962
|
| Assuntos: | |
| Tags: |
Adicionar Tag
Sem tags, seja o primeiro a adicionar uma tag!
|
MARC
| LEADER | 00000nam a2200000Ia 4500 | ||
|---|---|---|---|
| 008 | 170316s9999 xx 000 0 und d | ||
| 040 | |a cru BVZT | ||
| 090 | |a 820 D-13v | ||
| 100 | |a Durrell, Lawrence | ||
| 245 | |a Vénus et la mer | ||
| 260 | |a París, Francia | ||
| 260 | |b Buchet/Chastel | ||
| 260 | |c 1962 | ||
| 300 | |a 250 páginas | ||
| 650 | |a LITERATURA FRANCESA | ||
| 999 | |c 6842 |d 6842 | ||
| 942 | |c 15 D |h 820 D-13v |2 z | ||
